Pays ne possédant qu'un seul voisin terrestre - Statistiques

Statistiques générales
  • Ce quiz a été pris 96 fois
  • Le résultat moyen est 12 sur 16
Statistiques - réponses
Réponses % Correct
Canada
92%
Portugal
89%
Corée du Sud
84%
Irlande
84%
Danemark
81%
Lesotho
80%
Saint-Marin
80%
Haïti
79%
Vatican
78%
Papouasie-Nouvelle Guinée
75%
République Dominicaine
73%
Monaco
72%
Gambie
70%
Qatar
67%
Brunei
62%
Timor Oriental
55%
Aucun quiz correspondant
Distribution des résultats
% des personnes avec chaque résultat
Percentile par nombre de réponses
Votre historique - résultats
Vous n’avez pas pris ce quiz